Apex Legends I Multiple Choice Quiz! - Statistics

General Stats
  • This quiz has been taken 54 times
  • The average score is 11 of 15
Answer Stats
Question Answer % Correct
Which of these weapons is the Kraber?
91%
What ammo types does the C.A.R SMG utilize? (The CAR smg can switch between two ammo types by toggling fire mode) Light/Heavy
91%
Which class of legends receive a speed boost after cracking an enemy's shield? Assault
87%
Which weapon can be charged using a single shield cell to increase it's damage? (This weapon can perform a short animation to increase damage at the cost of a shield cell) Sentinel
87%
Which weapon originally had a standalone ammo-type? (This weapon was the only weapon to utilize this type of ammo that could be found as ground-loot) Bocek Compound Bow
85%
What does the Triple-Triple badge signify on a players banner? They have defeated all 3 members of 3 different squads
80%
Temp-shields can only be applied by which legend? (Temp-shields only last for a set duration before they dissipate) Conduit
76%
Which legend class gains extra shield while inside the ring? Controller
72%
What did the Hop-Up "Deadeye's tempo" do? Increased fire rate when firing at a specific pace
65%
What ammo type can have 72 bullets per inventory slot? Light
65%
Which legend is currently the only one able to carry two ultimate accelerants per inventory slot compared to the normal one per slot? Wattson
65%
Which of these weapons could utilize the Anvil Receiver Hop-Up? (The anvil Receiver would allow the weapons single fire to become stronger at the cost of fire rate and ammo cost) Flatline
63%
What shotgun could originally only be found in care packages from season 1 to season 5? (This weapon was never found on the ground and was care package exclusive untill it became ground loot in season 5) Mastiff
63%
What legend originally designed the Nemesis AR's blueprints but later had them stolen by a gang? Rampart
63%
Which support legend does NOT benefit from the 25% faster revive speed? (Support legends revive allies 25% faster) Lifeline
37%
No matching quizzes found
Score Distribution
Percent of People with Each Score
Percentile by Number Answered
Your Score History
You have not taken this quiz